书目信息 |
| 题名: |
中国美术小史
|
|
| 作者: | 滕固 著 ;王洪伟 导读 | |
| 分册: | ||
| 出版信息: | 上海 上海书画出版社 2016 |
|
| 页数: | 19,264页 | |
| 开本: | 24cm | |
| 丛书名: | 朵云文库 | |
| 单 册: | ||
| 中图分类: | J120.9 , J209.24 | |
| 科图分类: | ||
| 主题词: | 美术史--mei shu shi--中国 , 绘画史--hui hua shi--中国--唐宋时期 | |
| 电子资源: | ||
| ISBN: | 978-7-5479-1281-2 | |
| 000 | 01226nam0 22003131 450 | |
| 001 | 1755155832 | |
| 005 | 20170602161330.0 | |
| 010 | @a978-7-5479-1281-2@dCNY42.00 | |
| 100 | @a20161202d2016 em y0chiy50 ea | |
| 101 | 0 | @achi |
| 102 | @aCN@b310000 | |
| 105 | @aa z 000yy | |
| 106 | @ar | |
| 200 | 1 | @a中国美术小史@Azhong guo mei shu xiao shi@e唐宋绘画史@f滕固著@g王洪伟导读 |
| 210 | @a上海@c上海书画出版社@d2016 | |
| 215 | @a19,264页@c图@d24cm | |
| 225 | 2 | @a朵云文库@Aduo yun wen ku@i学术经典@h第一辑 |
| 314 | @a滕固 (1901-1941),男,上海宝山乐浦人,毕业于上海美术专科学校。著作:《唐宋绘画史》、《中国美术小史》等。 | |
| 330 | @a本书是以德国风格学研究方式专研中国美术的发轫之作。本次整理出版,另收录滕固先生四篇德语学术论文,即《墨戏》《论南宗在中国山水画中的意义》《文艺批评家苏东坡》《唐宋画论》,系首次翻译成中文出版。 | |
| 461 | 0 | @12001 @a朵云文库 |
| 517 | 1 | @a唐宋绘画史@Atang song hui hua shi |
| 606 | 0 | @a美术史@Amei shu shi@y中国 |
| 606 | 0 | @a绘画史@Ahui hua shi@y中国@z唐宋时期 |
| 690 | @aJ120.9@v5 | |
| 690 | @aJ209.24@v5 | |
| 701 | 0 | @a滕固@Ateng gu@f(1901-1941)@4著 |
| 702 | 0 | @a王洪伟@Awang hong wei@4导读 |
| 801 | 0 | @aCN@bTANGWEI@c20170602 |
| 905 | @b0972403-6@dJ120.9@e139@f4 | |
| 中国美术小史:唐宋绘画史/滕固著/王洪伟导读.-上海:上海书画出版社,2016 |
| 19,264页:图;24cm.-(朵云文库.学术经典.第一辑) |
| ISBN 978-7-5479-1281-2:CNY42.00 |
| 本书是以德国风格学研究方式专研中国美术的发轫之作。本次整理出版,另收录滕固先生四篇德语学术论文,即《墨戏》《论南宗在中国山水画中的意义》《文艺批评家苏东坡》《唐宋画论》,系首次翻译成中文出版。 |
| ● |
| 相关链接 |
|
|
|
|
正题名:中国美术小史
索取号:J120.9/139
 
预约/预借
| 序号 | 登录号 | 条形码 | 馆藏地/架位号 | 状态 | 备注 |
| 1 | 0972403 | 209724039 | 第一样本阅览室/ [索取号:J120.9/139] | 在馆 | |
| 2 | 0972404 | 209724048 | 第一借阅区/ [索取号:J120.9/139] | 在馆 | |
| 3 | 0972405 | 209724057 | 第一借阅区/ [索取号:J120.9/139] | 在馆 | |
| 4 | 0972406 | 209724066 | 第一借阅区/ [索取号:J120.9/139] | 在馆 |